Igual de diferentes
La identidad sexual y la de género son factores de discriminación social, y esta es frecuente en el ámbito escolar. Quienes la sufren, muchas veces, no encuentran herramientas para defenderse, lo que acentúa una profunda sensación de humillación y de angustia. Los talleres que organiza el INADI en c...
Guardado en:
| Autores Corporativos: | , |
|---|---|
| Otros Autores: | , , , |
| Formato: | |
| Idioma: | Undetermined |
| Publicado: |
Buenos Aires,
2013.
|
| Materias: | |
| Acceso en línea: | http://encuentro.gob.ar/programas/serie/8465/5363?temporada=1# |
| Etiquetas: |
Agregar Etiqueta
Sin Etiquetas, Sea el primero en etiquetar este registro!
|
| LEADER | 01981ngm a22003975a 4500 | ||
|---|---|---|---|
| 001 | CEM.cems019767 | ||
| 008 | 221017s2013####ag#---############vlund#d | ||
| 005 | 20221017191607.0 | ||
| 245 | 1 | 0 | |a Igual de diferentes |h [videograbación] / |c Pablo Aulita. |
| 260 | |a Buenos Aires, |c 2013. | ||
| 300 | |a 26'. | ||
| 505 | 0 | |a 01. Diversidad cultural -- 02. Los cuerpos -- 03. Identidad sexual -- 04. Condición social -- 05. Personas con discapacidad -- Duración aproximada por capítulo 26 minutos. Duración total aproximada: 2 horas 10 minutos | |
| 520 | |a La identidad sexual y la de género son factores de discriminación social, y esta es frecuente en el ámbito escolar. Quienes la sufren, muchas veces, no encuentran herramientas para defenderse, lo que acentúa una profunda sensación de humillación y de angustia. Los talleres que organiza el INADI en conjunto con las autoridades escolares y los maestros trabajan con la autoestima, con la aceptación de las diferencias, y permiten cambiar la historia en muchas escuelas argentinas. | ||
| 538 | |a Soporte: DVD -- Formato: AVI -- Peso: 1.12gb -- Resolución: 720 x 480 -- 25fps | ||
| 590 | |a Identificación anterior: D 205 | ||
| 110 | 2 | |a INADI. | |
| 700 | 1 | |a Zaidelis, Mariano; Producción Ejecutiva. | |
| 700 | 1 | |a Cabeza, Muriel; Producción Ejecutiva. | |
| 700 | 1 | |a Carballal, Lorena; Jefa de Producción. | |
| 700 | 1 | |a Meschengleser, Sebastián; Guión. | |
| 710 | 2 | |a INADI. | |
| 710 | 2 | |a 100 Bares Productora. | |
| 653 | |a EDUCACIÓN | ||
| 653 | |a DICRIMINACIÓN | ||
| 653 | |a GÉNERO | ||
| 653 | |a DIVERSIDAD CULTURAL | ||
| 653 | |a IDENTIDAD SEXUAL | ||
| 653 | |a CONDICIÓN SOCIAL | ||
| 653 | |a DISCAPACIDAD | ||
| 653 | |a ESI | ||
| 653 | |a EDUCACIÓN SEXUAL INTEGRAL | ||
| 653 | |a XENOFOBIA | ||
| 653 | |a GORDOFOBIA | ||
| 653 | |a ESCUELA | ||
| 856 | |u http://encuentro.gob.ar/programas/serie/8465/5363?temporada=1# | ||
| 859 | |a CEMS |b BIB. CEMS - Depto. Recursos Didacticos |h 323.4 |i AUL |k DRD |p 2907.22 |t Ej.1 | ||
